000
00312nam a22001337a 4500
008
170131b xxu||||| |||| 00| 0 eng d
020
_a
9780323053594
041
_a
eng
080
_2
4TH
_a
618.2
100
_a
2
101
_a
INF
245
_a
CRITICAL THINKING CASES IN NURSING
_c
PREUSSERU, B.A
942
_2
udc
_c
BK
999
_c
4105
_d
4105